Vista normal
Vista MARC
Entrada Encabezamiento personal
Número de registros utilizados en: 1
001 - NÚMERO DE CONTROL
- campo de control: 8530
003 - IDENTIFICADOR DEL NÚMERO DE CONTROL
- campo de control: vecauma
005 - FECHA Y HORA DE LA ÚLTIMA TRANSACCIÓN
- campo de control: 20230922203816.0
008 - DATOS DE LONGITUD FIJA
- campo de control de longitud fija: 230922|| aca||aabn | a|a d
040 ## - FUENTE DE LA CATALOGACIÓN
- Centro catalogador/agencia de origen: vecauma
100 1# - ENCABEZAMIENTO-NOMBRE DE PERSONA
- Nombre de persona: Araque Smith, Verónica Esperanza
670 ## - FUENTE EN LA QUE SE LOCALIZARON DATOS
- Cita de la fuente: Diseño de Medios, Podcast digital con contenido audiovisual sobre la influencia de la música en las personas ‘‘Repítela Ahí’’, 2022
- Información localizada: portada (Verónica Esperanza Araque Smith)
